LEADER 01534nam 2200469 450 001 9910494576803321 005 20200703153202.0 010 $a90-272-6221-7 035 $a(CKB)4100000009038665 035 $a(MiAaPQ)EBC5850033 035 $a(EXLCZ)994100000009038665 100 $a20200219d2019 uy 0 101 0 $aeng 135 $aurcnu|||||||| 181 $ctxt$2rdacontent 182 $cc$2rdamedia 183 $acr$2rdacarrier 200 00$aVariation in political metaphor /$fedited by Julien Perrez, Min Reuchamps, Paul H. Thibodeau 210 1$aAmsterdam ;$aPhiladelphia :$cJohn Benjamins Publishing Company,$d[2019] 210 4$d©2019 215 $a1 online resource (220 pages) 225 1 $aDiscourse Approaches to Politics, Society and Culture ;$vVolume 85 311 $a90-272-0395-4 410 0$aDiscourse approaches to politics, society, and culture ;$vVolume 85. 606 $aMetaphor$xPolitical aspects 606 $aDiscourse analysis$xPolitical aspects 606 $aRhetoric$xPolitical aspects 608 $aElectronic books. 615 0$aMetaphor$xPolitical aspects. 615 0$aDiscourse analysis$xPolitical aspects. 615 0$aRhetoric$xPolitical aspects. 676 $a808.032 702 $aPerrez$b Julien 702 $aReuchamps$b Min 702 $aThibodeau$b Paul H. 801 0$bMiAaPQ 801 1$bMiAaPQ 801 2$bMiAaPQ 906 $aBOOK 912 $a9910494576803321 996 $aVariation in political metaphor$91766910 997 $aUNINA LEADER 00770nam1 22002291i 450 001 VAN00036496 005 20240806100401.519 100 $a20050523d1965 |0itac50 ba 101 $aita 102 $aIT 105 $a|||| ||||| 200 1 $aArte in Europa$epanorama dell'arte europea$fa cura di Pietro de Martino 210 $aMilano$cConfalonieri$d1965 215 $av.$d32 cm. 463 1$1001VAN00036497$12001 $aˆ2: ‰Da Leonardo alle correnti odierne$1210 $aMilano$cConfalonieri$d1972$1215 $a250 p.$cill.$d32 cm.$v2 620 $dMilano$3VANL000284 702 1$aDe Martino$bPiero$3VANV030558 712 $aConfalonieri$3VANV110078$4650 801 $aIT$bSOL$c20240906$gRICA 912 $aVAN00036496 996 $aArte in Europa$9300255 997 $aUNICAMPANIA